000 00237nam a2200097Ia 4500
001 660719
005 20250826160119.0
008 250824s9999 xx 000 0 und d
245 0 _a17 Ejder Ateşi
_c Kate McMullan
260 _bBEYAZ BALİNA
999 _c660719
_d660719